| 000 | 00975cam a2200229 i 4500 | ||
|---|---|---|---|
| 999 |
_c57749 _d57749 |
||
| 001 | 20909340 | ||
| 005 | 20221107170530.0 | ||
| 008 | 190328s2019 enka b 001 0 eng | ||
| 020 | _a9780198824657x | ||
| 041 | _aeng | ||
| 080 | _a341.217(4) J-76 | ||
| 100 | 1 |
_aJones, Alison _d _99668 |
|
| 245 | 1 | 0 |
_aJones and Sufrin;s EU competition law : _btext, cases, and materials / _cAlison Jones, Solicitor, Professor of Law, King's College London and Brenda Sufrin, Solicitor, Emeritus Professor of Law, University of Bristol, Niamh Dunne, Solicitor, Associate Professor of Law, London School of Economics. |
| 250 | _aSeventh edition. | ||
| 264 | 1 |
_aNew York, NY _bOxford University Press, _c[2019]. |
|
| 300 |
_a1248 pages : _billustrations ; _c25 cm. |
||
| 653 | _aსამართალი | ||
| 653 | _aევროკავშირი | ||
| 700 | 1 |
_aSufrin, B. E., _eავტორი _99671 |
|
| 700 | 1 |
_aDunne, Niamh., _eავტორი _99672 |
|
| 942 |
_2udc _cBK |
||